000 00844nac a22002657a 4500
001 BR9208481
003 BR-BrBNA
005 20240105121250.0
008 230509b bl.|||m| |||| 00| 0 por d
040 _aBR-BrBNA
_bpor
_cBiblioteca Nacional de Agricultura
072 _aF63
090 _aF63 BR9208481
100 1 _aValente, M. da C.
110 1 _aMuseu Botanico Municipal, Curitiba, PR (Brasil)
_97640
245 1 _aObservacoes sobre a formacao das polinias em Oxypetalum banksii Roem. Et Sschult. Subsp. Banksii
260 3 _aCuritiba, PR (Brasil):
_c1982.
300 _a5 p.
490 _aBoletim do Museu Botanico Municipal (Brazil)
_vno. 52
_x
500 _aSummaries (En, Pt)
650 _aCIPO DE LEITE
650 _aPOLEN
650 _aANTERA
909 _a202312
_bLúcia Elande
_c55
_dLúcia Elande
942 _2AGRIS
_n0
_cMS
999 _c284297
_d284297